Corrosion damage to concrete structures in Western Asia / (Record no. 123473)

MARC details
000 -LEADER
fixed length control field 01147nam a2200349 a 4500
001 - CONTROL NUMBER
control field vtls000119744
003 - CONTROL NUMBER IDENTIFIER
control field NLI
005 - DATE AND TIME OF LATEST TRANSACTION
control field 20210601204432.0
008 - FIXED-LENGTH DATA ELEMENTS--GENERAL INFORMATION
fixed length control field 101125s1990 sa a 000 0 eng
010 ## - LIBRARY OF CONGRESS CONTROL NUMBER
LC control number 91-982600
020 ## - INTERNATIONAL STANDARD BOOK NUMBER
International Standard Book Number 9211311225
039 #9 - LEVEL OF BIBLIOGRAPHIC CONTROL AND CODING DETAIL [OBSOLETE]
-- 201011251314
-- VLOAD
040 ## - CATALOGING SOURCE
Original cataloging agency NLI
Language of cataloging eng
Transcribing agency VTLS
Description conventions AACR2
041 0# - LANGUAGE CODE
Language code of text/sound track or separate title eng
043 ## - GEOGRAPHIC AREA CODE
Geographic area code aw-----
044 ## - COUNTRY OF PUBLISHING/PRODUCING ENTITY CODE
MARC country code sa
245 00 - TITLE STATEMENT
Title Corrosion damage to concrete structures in Western Asia /
Statement of responsibility, etc. United Nations Center for Human Settlements (Habitat)
260 ## - PUBLICATION, DISTRIBUTION, ETC.
Place of publication, distribution, etc. Nairobi :
Name of publisher, distributor, etc. United Nations Centre for Human Settlements (Habitat),
Date of publication, distribution, etc. 1990
300 ## - PHYSICAL DESCRIPTION
Extent ii, 33 p. :
Other physical details ill. ;
Dimensions 21 cm.
500 ## - GENERAL NOTE
General note "HS/204/90 E"--P. [2] of cover
504 ## - BIBLIOGRAPHY, ETC. NOTE
Bibliography, etc. note Includes bibliographical references
650 #0 - SUBJECT ADDED ENTRY--TOPICAL TERM
Topical term or geographic name entry element Concrete
General subdivision Corrosion
9 (RLIN) 244307
650 #0 - SUBJECT ADDED ENTRY--TOPICAL TERM
Topical term or geographic name entry element Concrete construction
Geographic subdivision Middle East
9 (RLIN) 244308
650 #0 - SUBJECT ADDED ENTRY--TOPICAL TERM
Topical term or geographic name entry element Corrosion and anti-corrosives
710 2# - ADDED ENTRY--CORPORATE NAME
Corporate name or jurisdiction name as entry element United Nations Centre for Human Settlements
9 (RLIN) 196395
887 ## - NON-MARC INFORMATION FIELD
Content of non-MARC field
901 ## - LOCAL DATA ELEMENT A, LDA (RLIN)
a 26230
b 25.06.1992
902 ## - LOCAL DATA ELEMENT B, LDB (RLIN)
a UN693.5 C825
906 ## - LOCAL DATA ELEMENT F, LDF (RLIN)
a FOD880
z 1
949 ## - LOCAL PROCESSING INFORMATION (OCLC)
-- VIRTUAITEM
-- 10002
-- 100
6 FOD000026230ENG
942 ## - ADDED ENTRY ELEMENTS (KOHA)
Source of classification or shelving scheme Dewey Decimal Classification
Koha item type Books
Holdings
Withdrawn status Lost status Damaged status Not for loan Collection code Home library Current library Shelving location Date acquired Total Checkouts Full call number Barcode Date last seen Price effective from Koha item type
        United Nations National Library of India National Library of India Foreign Official Documents - United Nations     UN693.5 C825 FOD000026230ENG 01/06/2021 01/06/2021 Books
                                                                           
web counter

Copyright ©2020 The National Library of India, Govt. of India ↔ Hosted by NVLI, MOC ↔ Technology and Design by National Library of India, Ministry of Culture, Govt. of India